Repensando la educación para la paz

Guardat en:
Dades bibliogràfiques
Autor principal: Sáez Carreras, Juan (Autor)
Format: Llibre
Idioma:espanyol
Publicat: Murcia DM 1996
Edició:1a. ed
Matèries:
Etiquetes: Afegir etiqueta
Sense etiquetes, Sigues el primer a etiquetar aquest registre!

MARC

LEADER 00000nam a2200000 a 4500
001 UCH9701
003 CL-VaPUC
008 100121e19960000SP |||||||||||||||||spa|d
020 |a 8489585199 
082 0 4 |a 370.115  |b SAE  |2 21 
100 0 |a Sáez Carreras, Juan  |e author  |9 546967 
245 1 0 |a Repensando la educación para la paz 
250 |a 1a. ed 
300 |a 272 p 
942 |c BK 
945 |d 20100121 00:00:00  |a rbrito 
260 |a Murcia  |b DM  |c 1996 
650 0 |a Educación para la paz  |9 335006 
650 0 |a Derechos humanos  |9 223025 
650 0 |a Filosofía de la educación   |9 258384 
650 0 |a Sociología de la educación   |9 260380 
583 |a last modification  |c 20161102 01:50:02  |k Rodrigo Vera 
999 |c 339617  |d 339615 
952 |0 0  |1 0  |4 0  |6 370_115000000000000_SAE_1996  |7 0  |8 A  |9 433347  |a BIBEDU  |b BIBEDU  |d 2019-11-22  |i 4633318  |o 370.115 SAE 1996  |p 4633318  |r 2019-11-22  |w 2019-11-22  |y BK  |k EPE